000 00734nam a2200229Ia 4500
001 9689
003 GE_BSU
008 181216s||||||||xx |||||||||||||| ||und||
040 _cGE_BSU
080 _a821.353.1–1
100 _aნარიმანიძე,სილოვან
245 _aდიდ სიჩუმეში
245 _bლექსები
245 _cრედ.დ.ციგროშვილი.მხატვ.დ.დუნდუა
260 _aთბილისი
260 _bსაბჭოთა საქართველო
260 _c1972
300 _a286გვ.ილ.20სმ.
653 _aდიდ სიჩუმეში
653 _aლექსები
942 _cBK
999 _c42972
_d42972